| 000 | 00422nam a22001697a 4500 | ||
|---|---|---|---|
| 005 | 20230821114032.0 | ||
| 008 | 230818b |||||||| |||| 00| 0 eng d | ||
| 020 | _a978-81-225-0732-4 | ||
| 041 | _aeng | ||
| 082 | _a301 - BHU-S | ||
| 100 |
_aBHUSHAN,VIDYA AND SACHDEVA, D.R _98132 |
||
| 245 | _aAN INTRODUCTION TO SOCIOLOGY | ||
| 260 |
_aNEW DELHI _bKITAB MAHAL |
||
| 300 | _a552;p | ||
| 650 |
_aBPT _98133 |
||
| 942 | _cBK | ||
| 999 |
_c8398 _d8396 |
||